000 01166naa a22003377a 4500
001 BR7805165
003 BR-BrBNA
005 20240918174201.0
007 ta
008 230509b bl.||||| |||| 00| 0 por d
040 _aBR-BrBNA
_bpor
_cBiblioteca Nacional de Agricultura
041 _a(Pt)
072 _aF30; F00
_b0716
_b3540
_bG514
090 _aF30 BR7805165
100 1 _aChalfun, N.N.J.
100 1 _aLeite, M.M.
100 1 _aSouza, M. de
100 1 _aPadua, T. de
245 1 _aColecao de variedades e competicao de porta-enxertos de pessegueiros [Prunus persica, enxerto, pratica cultural, Minas Gerais, Brasil]
260 3 _aBelo Horizonte, MG (Brasil):
_c1978.
500 _aProjeto fruticultura. Relatorio 1974/77 Belo Horizonte, MG (Brasil): 1978. p. 210-211 (BR7805165-AM)F30
650 _aPESSEGO
650 _aENXERTO
650 _aCOMPETICAO DE VARIEDADE
650 _aPORTA ENXERTO
650 _aPRATICA CULTURAL
650 _aMINAS GERAIS
773 0 _tProjeto fruticultura. Relatorio 1974/77
_wF30 BR7805165
_gBelo Horizonte, MG (Brasil), 1978. p. 210-211
909 _a202404
_bLucia
_c55
_dLucia Elande
942 _cAM
_2AGRIS
999 _c309441
_d309441